| 000 | 00946nam a2200193 a 4500 | ||
|---|---|---|---|
| 008 | 120416s1992 ||||||||||||||||| || u | ||
| 020 | _a928080815X | ||
| 050 | _aK 302 Env | ||
| 100 | _aWeiss, Edith Brown | ||
| 245 | 1 | 0 |
_aEnvironmental change and international law _cedited by Edith Weiss Brown |
| 246 | _anew challenges and dimensions | ||
| 260 |
_aTokyo _bThe University Press _c1992 |
||
| 350 | _a0.00 | ||
| 650 | _aENVIRONMENTAL CHANGE | ||
| 650 | _aENVIRONMENT | ||
| 995 |
_aANNEX COLLECTION (Main Library) _D0.00 _e733424 _FCBU-MAIN LIBRARY (Kitwe) _H1 _I28.95 _jK 302 Env _M3 _UAVAILABLE _y45364 _ZAnnex Low-Usage Collection |
||
| 995 |
_aANNEX COLLECTION (Main Library) _D0.00 _e731427 _FCBU-MAIN LIBRARY (Kitwe) _H2 _I35.00 _jK 302 Env _M2 _UAVAILABLE _y028659 _ZAnnex Low-Usage Collection |
||
| 995 |
_aMAIN LIBRARY OPEN ACCESS _D0.00 _e731428 _FCBU-MAIN LIBRARY (Kitwe) _H1 _I35.00 _jK 302 Env _M1 _UAVAILABLE _y028660 _ZMain Library Open Access Collection |
||
| 999 |
_c62727 _d62727 |
||